000 00539nam a2200217Ia 4500
003 OSt
005 20221007101910.0
006 a|||||r|||| 00| 0
007 ta
008 221006b |||||||| |||| 00| 0 eng d
024 _a8,716
037 _cBound Volume
040 _aLCO
_cLCO
_beng
041 _2eng
_aeng
082 _aZm2,N83, M3
245 0 _aSUPREME COURT CASES, (Criminal),1983
260 _c1983
650 _aSUPREME COURT CASES
_9682931
942 _hZm2,N83, M3
_cCR
999 _c1178279
_d1178279